000 00648nam a2200277Ia 4500
005 20260324140352.0
008 008 260324s9999 xx 000 0 eng d
020 _a9781315062679
037 _aEBOOK
040 _aCRL
040 _beng
040 _cCRL
041 _2eng
041 _aeng
084 _qCRL
100 _aJohn Clark
_91201649
245 0 _aInternational Dictionary of Insurance and Finance
260 _bTaylor and Francis
260 _c1999
365 _a
365 _b255
856 _uhttp://www.taylorfrancis.com/books/9781315062679
942 _cEBOOK
999 _c1806136
_d1806136